Obras completas
Պահպանված է:
| Հիմնական հեղինակ: | |
|---|---|
| Ձևաչափ: | Գիրք |
| Լեզու: | Undetermined |
| Հրապարակվել է: |
México, Distrito Federal
Editorial Porrúa
1999
|
| Հրատարակություն: | 10 |
| Խորագրեր: | |
| Ցուցիչներ: |
Ավելացրեք ցուցիչ
Չկան պիտակներ, Եղեք առաջինը, ով նշում է այս գրառումը!
|
MARC
| LEADER | 00000nam a2200000Ia 4500 | ||
|---|---|---|---|
| 008 | 170316s9999 xx 000 0 und d | ||
| 040 | |a cru BVZT | ||
| 090 | |a 860 C-47o | ||
| 100 | |a Cruz, Sor Juana inés de la | ||
| 245 | |a Obras completas | ||
| 250 | |a 10 | ||
| 260 | |a México, Distrito Federal | ||
| 260 | |b Editorial Porrúa | ||
| 260 | |c 1999 | ||
| 300 | |a 943 páginas | ||
| 650 | |a LITERATURA LATINOAMERICANA | ||
| 650 | |a OBRAS COMPLETAS | ||
| 650 | |a SOR JUANA INÉS DE LA CRUZ | ||
| 650 | |a LÍRICA | ||
| 650 | |a ROMANCES | ||
| 650 | |a ENDECHAS | ||
| 650 | |a REDONDILLAS | ||
| 650 | |a DÉCIMAS | ||
| 650 | |a GLOSAS | ||
| 650 | |a SONETOS | ||
| 650 | |a LIRAS | ||
| 650 | |a OVILLEJOS | ||
| 650 | |a SILVAS | ||
| 650 | |a VILLANCICOS | ||
| 650 | |a LETRAS SACRAS | ||
| 650 | |a LETRAS SAGRADAS PARA CANTAR | ||
| 650 | |a VILLANCICOS ATRIBUIBLES | ||
| 650 | |a AUTOS | ||
| 650 | |a LOAS | ||
| 650 | |a COMEDIAS | ||
| 650 | |a SAINETES | ||
| 650 | |a PROSA |a 22. PROSA | ||
| 999 | |c 8559 |d 8559 | ||
| 942 | |c 15 D |h 860 C-47o |2 z | ||
